[Event "SVK-chT3A2 1314"]
[Site "Slovakia"]
[Date "2014.01.19"]
[Round "7.5"]
[White "Jozefovic, Milan"]
[Black "Mihalik, Anton"]
[Result "0-1"]
[WhiteElo "1900"]
[BlackElo "1942"]
[PlyCount "198"]
[EventDate "2013.10.13"]
[EventType "team-tourn"]
[EventRounds "11"]
[EventCountry "SVK"]
[SourceTitle "EXT 2015"]
[Source "ChessBase"]
[SourceDate "2014.11.20"]
[SourceVersion "1"]
[SourceVersionDate "2014.11.20"]
[SourceQuality "1"]
[WhiteTeam "Gbely Nafta"]
[BlackTeam "Piestany Kupele"]
[WhiteTeamCountry "SVK"]
[BlackTeamCountry "SVK"]

1. e4 c5 2. Nf3 d6 3. d4 cxd4 4. Nxd4 Nf6 5. Nc3 a6 6. Be2 e5 7. Nf3 Be7 8. Bg5 Be6 9. 0-0 Nbd7 10. Re1 0-0 11. Bd3 Rc8 12. h3 b5 13. a3 Nb6 14. Ne2 Nc4 15. Bc1 Qc7 16. b3 Nb6 17. Be3 Nbd7 18. a4 Rb8 19. Ng5 Nc5 20. Nxe6 Nxe6 21. axb5 axb5 22. Ra7 Rb7 23. Ra2 Nc5 24. Ng3 Rc8 25. Nf5 Bf8 26. Bg5 Ncd7 27. Qf3 Ne8 28. Qg3 Kh8 29. Be7 g6 30. Bxf8 Nxf8 31. Ne3 Nf6 32. Ng4 Nxg4 33. Qxg4 Ne6 34. c4 Nc5 35. Qd1 Nxd3 36. Qxd3 bxc4 37. bxc4 Qxc4 38. Qd2 Kg7 39. Raa1 Qe6 40. Red1 Rd8 41. Ra6 Rbd7 42. Qb4 Qe7 43. f3 Rb7 44. Qa3 Rbd7 45. Rd5 Qe6 46. Kh2 f5 47. Qb4 fxe4 48. fxe4 Qf6 49. Qe1 Kf7 50. Rd3 Ke7 51. Rf3 Qg7 52. Qh4+ g5 53. Qg4 Qg6 54. Rf5 h5 55. Qxg5+ Qxg5 56. Rxg5 Rh8 57. Kg3 h4+ 58. Kg4 Kf6 59. Ra3 Rh6 60. Rf3+ Ke6 61. Rf8 Rdh7 62. Rfg8 Kf7 63. Rb8 Ke6 64. Rgg8 Kf7 65. Rgf8+ Ke7 66. Rg8 Kf7 67. Rgf8+ Ke7 68. Rf5 Kd7 69. Rg5 Kc6 70. Rc8+ Kd7 71. Rcg8 Kc6 72. R8g7 Rh8 73. R7g6 Kc5 74. Rxh6 Rxh6 75. Kf3 Kd4 76. g4 hxg3 77. Rxg3 Rf6+ 78. Ke2 Kxe4 79. h4 d5 80. h5 Rh6 81. Rh3 Kf4 82. Rh1 Kg5 83. Rg1+ Kxh5 84. Ke3 Rg6 85. Rd1 d4+ 86. Ke4 Rg5 87. Rh1+ Kg6 88. Rh8 Kf6 89. Rf8+ Ke6 90. Re8+ Kd6 91. Rd8+ Kc5 92. Rc8+ Kb4 93. Rc7 Kb3 94. Rc5 Rg4+ 95. Kf5 Rh4 96. Kxe5 Kb4 97. Rc1 d3 98. Rd1 Kc3 99. Rc1+ Kb2 0-1

[Event "SVK-chT3A2 1011"]
[Site "Slovakia"]
[Date "2011.04.03"]
[Round "11.4"]
[White "Liptak, Tomas"]
[Black "Jozefovic, Milan"]
[Result "1-0"]
[WhiteElo "2073"]
[BlackElo "1917"]
[PlyCount "50"]
[EventDate "2010.10.17"]
[EventType "team-tourn"]
[EventRounds "11"]
[EventCountry "SVK"]
[SourceTitle "EXT 2019"]
[Source "ChessBase"]
[SourceDate "2018.10.10"]
[SourceVersion "1"]
[SourceVersionDate "2018.10.10"]
[SourceQuality "1"]
[WhiteTeam "Cífer"]
[BlackTeam "Holic"]
[WhiteTeamCountry "SVK"]
[BlackTeamCountry "SVK"]

1. e4 e5 2. Nf3 d6 3. d4 exd4 4. Nxd4 Nf6 5. Nc3 Bd7 6. Bg5 h6 7. Bh4 Nc6 8. f4 Nxd4 9. Qxd4 Be7 10. Be2 Bc6 11. Bf2 b6 12. 0-0-0 0-0 13. g4 Nd7 14. Nd5 Bf6 15. Qd2 Nc5 16. Bf3 Re8 17. Rde1 Bh4 18. Bxh4 Qxh4 19. Nxc7 Rac8 20. Nxe8 Rxe8 21. Qd4 Qh3 22. Re3 Qh4 23. Qxd6 Bxe4 24. Bxe4 Nxe4 25. Qc6 Qf6 1-0

[Event "SVK-chT3A2 1011"]
[Site "Slovakia"]
[Date "2010.10.31"]
[Round "2.4"]
[White "Jozefovic, Milan"]
[Black "Krist, Milan"]
[Result "1/2-1/2"]
[WhiteElo "1917"]
[BlackElo "2004"]
[PlyCount "73"]
[EventDate "2010.10.17"]
[EventType "team-tourn"]
[EventRounds "11"]
[EventCountry "SVK"]
[SourceTitle "EXT 2012"]
[Source "ChessBase"]
[SourceDate "2011.11.24"]
[SourceVersion "1"]
[SourceVersionDate "2011.11.24"]
[SourceQuality "1"]
[WhiteTeam "Holic"]
[BlackTeam "Trnava Lokomotiva III"]
[WhiteTeamCountry "SVK"]
[BlackTeamCountry "SVK"]

1. e4 e6 2. Nf3 d5 3. exd5 exd5 4. d4 Nf6 5. Bg5 Be7 6. Bd3 0-0 7. 0-0 Bg4 8. Nbd2 Nbd7 9. c3 Bh5 10. Qc2 Bg6 11. Bxg6 hxg6 12. Ne5 c6 13. Rae1 Re8 14. Re2 Nxe5 15. dxe5 Nd7 16. Bxe7 Rxe7 17. f4 Nc5 18. b4 Ne6 19. f5 gxf5 20. Qxf5 a5 21. a3 axb4 22. axb4 d4 23. c4 Ra2 24. Ref2 Qb6 25. Qb1 Ra4 26. b5 cxb5 27. cxb5 Qc5 28. Rc1 Qxe5 29. Rc8+ Nf8 30. Nf3 Qe3 31. h3 Ra3 32. Rc1 Rb3 33. Qa1 Ra3 34. Qb2 Rb3 35. Qa1 Ra3 36. Qb2 Rb3 37. Qa1 1/2-1/2

[Event "SVK-chT3A2 0910"]
[Site "Slovakia"]
[Date "2009.11.15"]
[Round "3.6"]
[White "Arpa, Zoltan"]
[Black "Jozefovic, Milan"]
[Result "0-1"]
[WhiteElo "1847"]
[BlackElo "1904"]
[PlyCount "92"]
[EventDate "2009.10.18"]
[EventType "team-tourn"]
[EventRounds "11"]
[EventCountry "SVK"]
[SourceTitle "EXT 2011"]
[Source "ChessBase"]
[SourceDate "2010.11.26"]
[SourceVersion "1"]
[SourceVersionDate "2010.11.26"]
[SourceQuality "1"]
[WhiteTeam "Potonska Veza"]
[BlackTeam "Holic"]
[WhiteTeamCountry "SVK"]
[BlackTeamCountry "SVK"]

1. d4 d5 2. c4 e6 3. Nc3 Nf6 4. Bg5 Be7 5. e3 c6 6. Nf3 Nbd7 7. Bd3 h6 8. Bh4 dxc4 9. Bxc4 Nd5 10. Bxe7 Qxe7 11. Bxd5 exd5 12. 0-0 0-0 13. Qc2 Nf6 14. Rfe1 Ne4 15. Nxe4 dxe4 16. Nd2 f5 17. Rac1 Be6 18. a3 Bd5 19. Qc5 Qf6 20. Qc3 f4 21. exf4 Qxf4 22. Qe3 Qf5 23. Nc4 Rf6 24. Ne5 Raf8 25. Re2 b6 26. b4 Rd6 27. Rec2 Rff6 28. a4 a6 29. Nc4 Bxc4 30. Rxc4 Qd5 31. Qg3 b5 32. axb5 axb5 33. Rc5 Qxd4 34. Qb3+ Kh7 35. Rf1 Rd8 36. Rcc1 Rdf8 37. Rc2 e3 38. Qb1 Kh8 39. Qb2 exf2+ 40. Kh1 Qe3 41. Re2 Qb6 42. Re7 Qd8 43. Qe2 Qd4 44. Re4 Qc3 45. Re8 Qxb4 46. Rxf8+ Qxf8 0-1

[Event "SVK-chT3A2 0809"]
[Site "Slovakia"]
[Date "2008.10.19"]
[Round "1.6"]
[White "Jozefovic, Milan"]
[Black "Mackovic, Miroslav"]
[Result "1-0"]
[WhiteElo "1894"]
[BlackElo "1972"]
[PlyCount "119"]
[EventDate "2008.10.19"]
[EventType "team-tourn"]
[EventRounds "11"]
[EventCountry "SVK"]
[SourceTitle "EXT 2010"]
[Source "ChessBase"]
[SourceDate "2010.11.25"]
[SourceVersion "1"]
[SourceVersionDate "2010.11.25"]
[SourceQuality "1"]
[WhiteTeam "Holic"]
[BlackTeam "Trnava Modranka"]
[WhiteTeamCountry "SVK"]
[BlackTeamCountry "SVK"]

1. e4 c5 2. Nf3 d6 3. Bc4 e6 4. 0-0 a6 5. a4 Nf6 6. e5 dxe5 7. Nxe5 Be7 8. d3 Nbd7 9. Ng4 0-0 10. Nc3 Nb6 11. Bb3 Nbd5 12. Nxf6+ Nxf6 13. Bg5 Bd7 14. Qe2 Bc6 15. Rfe1 Qd7 16. h3 Rad8 17. a5 Rfe8 18. Na4 Nd5 19. Bd2 Qc7 20. Qg4 Nb4 21. Bc3 Bf8 22. Nxc5 Nd5 23. Be5 Qe7 24. Ne4 f5 25. Qg3 fxe4 26. Rxe4 g6 27. Rae1 Bg7 28. d4 Bxe5 29. Rxe5 Qd7 30. c4 Nf6 31. d5 exd5 32. cxd5 Nxd5 33. Rd1 Rxe5 34. Qxe5 Qd6 35. Qg5 Kg7 36. h4 Rd7 37. h5 Qf6 38. h6+ Kf7 39. Bxd5+ Bxd5 40. Rxd5 Qe6 41. Qf4+ Kg8 42. Re5 Qf7 43. Qe3 Rd1+ 44. Kh2 Qc7 45. Qb3+ Kf8 46. Qe6 Qd8 47. Qh3 Rd4 48. Qf3+ Kg8 49. g3 Qf8 50. Qe3 Rd8 51. Re7 Qf6 52. Kg2 Qc6+ 53. Kh2 Qf6 54. Rxb7 g5 55. Rg7+ Kh8 56. Rxg5 Qxh6+ 57. Kg2 Qc6+ 58. f3 h6 59. Qe5+ Kh7 60. Qg7# 1-0

[Event "SVK-chT1W 0203"]
[Site "Slovakia"]
[Date "2002.12.01"]
[Round "6.8"]
[White "Jozefovic, Milan"]
[Black "Slaby, Jerzy"]
[Result "1-0"]
[WhiteElo "1350"]
[BlackElo "1799"]
[PlyCount "116"]
[EventDate "2002.10.12"]
[EventType "team-tourn"]
[EventRounds "11"]
[EventCountry "SVK"]
[SourceTitle "EXT 2005"]
[Source "ChessBase"]
[SourceDate "2004.11.15"]
[SourceVersion "1"]
[SourceVersionDate "2004.11.15"]
[SourceQuality "1"]
[WhiteTeam "Holic"]
[BlackTeam "Bratislava PI"]
[WhiteTeamCountry "SVK"]
[BlackTeamCountry "SVK"]

1. e4 e6 2. d4 d5 3. e5 a6 4. Nf3 c5 5. c3 Nc6 6. Be3 Qc7 7. Be2 Nge7 8. 0-0 Nf5 9. Bd3 Nxe3 10. fxe3 h6 11. Nbd2 Be7 12. h3 0-0 13. Nh2 Bg5 14. Qe2 cxd4 15. exd4 Bxd2 16. Qxd2 Qe7 17. Bc2 Qg5 18. Qd3 g6 19. Ng4 Ne7 20. Nf6+ Kg7 21. Rf3 Nf5 22. g4 h5 23. Kh2 hxg4 24. Nxg4 Bd7 25. Rg1 Bb5 26. Qd1 Qh5 27. Nf6 Qh6 28. Bxf5 exf5 29. Rxf5 Rh8 30. Qf3 Raf8 31. Rf4 Be2 32. Qg3 Bb5 33. Nxd5 Bd7 34. h4 Qh5 35. Qg5 Qxg5 36. Rxg5 Be6 37. Nb4 a5 38. Nd3 Bxa2 39. Rg1 b6 40. Kg3 Be6 41. Kf3 Rh5 42. Rg5 Rxg5 43. hxg5 Rh8 44. Nf2 Rh5 45. Ne4 Rh2 46. Nf2 Rh5 47. Ne4 Rh2 48. Nf2 Rh5 49. Ke4 Rxg5 50. d5 Bf5+ 51. Kd4 Kf8 52. d6 Bd7 53. Ne4 Rg1 54. c4 Be6 55. Rf2 Rg4 56. Re2 Rg1 57. b3 Rb1 58. Nd2 Rc1 1-0